Situación del campesinado y evolución de la aagricultura en América Latina: documento (primera parte)
Gardado en:
| Formato: | Texto |
|---|---|
| Idioma: | Spanish |
| Materias: | |
| Etiquetas: |
Engadir etiqueta
Sen Etiquetas, Sexa o primeiro en etiquetar este rexistro!
|
MARC
| LEADER | 00000 a a2200000 04500 | ||
|---|---|---|---|
| 003 | cru CIDCACS/IIS | ||
| 005 | 20200107155907.0 | ||
| 008 | 200107b ||||| |||| 00| 0 spa d | ||
| 999 | |c 42788 |d 42788 | ||
| 040 | |c cru CIDCACS/IIS | ||
| 245 | |a Situación del campesinado y evolución de la aagricultura en América Latina: |b documento (primera parte) | ||
| 300 | |a páginas 857-860 | ||
| 650 | |a CAMPESINOS | ||
| 650 | |a REFORMA AGRARIA | ||
| 650 | |a REFORMA DE TENECIA DE LA TIERRA | ||
| 650 | |a TRABAJADORES AGRICOLAS | ||
| 942 | |2 ddc |c PP | ||
| 773 | 0 | |0 42391 |9 4215 |a Agencia Latinoamericana de Información, ALAI |d Quito, Ecuador: ALAI |o 04328 |t ALAI: |x 08275564 (Servicio mensual de información y documentación) | |
